00564nam a22001697a 450000500170000001000150001702000260003203500140005803700130007208200120008510000170009724500710011426000420018527000800022730000290030750000580033620181010111411.0 aENG-124215 a9789352806881c495.00 aEN-107747 bDBAD/PUB00a658.406 aRaina, Ratan10aChange management and organizational development /cby Ratan Raina a New Delhi bSAGE Publications,c2018 aB1/I-1 Mohan Cooperative Industrial Area, Mathura Roadb New Delhi e110044 axxxii,467p.c24 cm.(pbk) aIt include solutions to objective questions and index